[Event "St Petersburg White Nights op"]
[Site "St Petersburg"]
[Date "2012.06.10"]
[Round "9"]
[White "Rozmetov, Aybek"]
[Black "Safronov, Kirill"]
[Result "0-1"]
[WhiteElo "2036"]
[BlackElo "2039"]
[PlyCount "50"]
[EventDate "2012.06.02"]
[EventType "swiss"]
[EventRounds "9"]
[EventCountry "RUS"]
[SourceTitle "CBM 148 Extra"]
[Source "ChessBase"]
[SourceDate "2012.06.22"]
[SourceVersion "1"]
[SourceVersionDate "2012.06.22"]
[SourceQuality "1"]

1. d4 Nf6 2. Nf3 g6 3. c4 Bg7 4. Nc3 0-0 5. e4 d6 6. Be2 Na6 7. 0-0 e5 8. d5 Nc5 9. Qc2 a5 10. Be3 Ne8 11. Nd2 f5 12. f3 f4 13. Bf2 h5 14. a3 g5 15. b4 Na6 16. Rab1 g4 17. c5 Qg5 18. Bxa6 bxa6 19. Rfe1 Rf6 20. bxa5 Rg6 21. g3 Bh6 22. fxg4 fxg3 23. Be3 Qxg4 24. Kh1 gxh2 25. Re2 Bxe3 0-1

[Event "St Petersburg White Nights op"]
[Site "St Petersburg"]
[Date "2012.06.06"]
[Round "5"]
[White "Manin, Viktor L"]
[Black "Safronov, Kirill"]
[Result "1-0"]
[WhiteElo "2208"]
[BlackElo "2039"]
[PlyCount "90"]
[EventDate "2012.06.02"]
[EventType "swiss"]
[EventRounds "9"]
[EventCountry "RUS"]
[SourceTitle "CBM 148 Extra"]
[Source "ChessBase"]
[SourceDate "2012.06.22"]
[SourceVersion "1"]
[SourceVersionDate "2012.06.22"]
[SourceQuality "1"]

1. d4 d5 2. c4 dxc4 3. Nf3 Nf6 4. e3 Bg4 5. Bxc4 e6 6. h3 Bh5 7. 0-0 Nc6 8. Nc3 a6 9. Be2 Bd6 10. e4 e5 11. d5 Bxf3 12. Bxf3 Nd4 13. Be3 Bc5 14. Rc1 0-0 15. Na4 Nxf3+ 16. Qxf3 Bxe3 17. Qxe3 Qd6 18. Nc5 Rab8 19. Qb3 Nh5 20. g3 b5 21. Rc3 Rb6 22. Rd1 Qe7 23. Nd3 Rg6 24. Rc6 Qg5 25. h4 Qe7 26. Qb4 Qe8 27. Rxg6 fxg6 28. Qc3 Qf7 29. Qxe5 Re8 30. Qd4 Qf3 31. Re1 Nxg3 32. fxg3 Qxg3+ 33. Kf1 Qxh4 34. Nf2 Rf8 35. Ke2 g5 36. Rg1 h5 37. Rg2 g4 38. Qe5 g6 39. Rh2 Qf6 40. Qxf6 Rxf6 41. Rg2 c6 42. Ke3 cxd5 43. exd5 Rf3+ 44. Ke4 Kf7 45. Nd3 Ke7 1-0

[Event "St Petersburg White Nights op"]
[Site "St Petersburg"]
[Date "2012.06.02"]
[Round "1"]
[White "Golikov, Danail"]
[Black "Safronov, Kirill"]
[Result "0-1"]
[WhiteElo "1698"]
[BlackElo "2039"]
[PlyCount "50"]
[EventDate "2012.06.02"]
[EventType "swiss"]
[EventRounds "9"]
[EventCountry "RUS"]
[SourceTitle "CBM 148 Extra"]
[Source "ChessBase"]
[SourceDate "2012.06.22"]
[SourceVersion "1"]
[SourceVersionDate "2012.06.22"]
[SourceQuality "1"]

1. d4 Nf6 2. c4 g6 3. Nc3 Bg7 4. e4 d6 5. Nf3 0-0 6. Be2 e5 7. 0-0 Nc6 8. d5 Ne7 9. Re1 Nd7 10. Bf1 f5 11. Rb1 Nf6 12. Nd2 f4 13. b4 g5 14. c5 Ng6 15. Nc4 g4 16. cxd6 cxd6 17. f3 gxf3 18. Qxf3 Bg4 19. Qf2 Bc8 20. Nb5 Ng4 21. Qd2 Qh4 22. h3 f3 23. gxf3 Qg3+ 24. Bg2 Nh4 25. Rf1 Qh2# 0-1

[Event "EU-ch 13th"]
[Site "Plovdiv"]
[Date "2012.03.27"]
[Round "7"]
[White "Cherednichenko, Elena"]
[Black "Safronov, Kirill"]
[Result "1/2-1/2"]
[WhiteElo "2130"]
[BlackElo "2017"]
[PlyCount "117"]
[EventDate "2012.03.20"]
[EventType "swiss"]
[EventRounds "11"]
[EventCountry "BUL"]
[SourceTitle "CBM 148"]
[Source "ChessBase"]
[SourceDate "2012.05.16"]
[SourceVersion "1"]
[SourceVersionDate "2012.05.16"]
[SourceQuality "1"]

1. d4 d5 2. Nf3 Nf6 3. e3 e6 4. Bd3 Nbd7 5. b3 Bd6 6. Bb2 0-0 7. Nbd2 b6 8. Ne5 Bb7 9. 0-0 Ne4 10. f4 f6 11. Nxd7 Qxd7 12. Nf3 Rac8 13. Nh4 c5 14. Bxe4 dxe4 15. f5 Qc7 16. fxe6 Bxh2+ 17. Kh1 cxd4 18. Bxd4 Rce8 19. Qg4 Be5 20. Nf5 Kh8 21. Bxe5 fxe5 22. e7 Rg8 23. Rad1 Bc8 24. Qxe4 Bxf5 25. Rxf5 Qxe7 26. Rd5 Qa3 27. Rh5 h6 28. Kh2 Re6 29. Rhxe5 Rxe5 30. Qxe5 Qxa2 31. Rd6 Kh7 32. Qe4+ Kh8 33. Qd4 Kh7 34. Qd3+ Kh8 35. Qc3 Kh7 36. Rd4 Qa6 37. Rc4 Qb5 38. Qd3+ Kh8 39. g3 Qh5+ 40. Rh4 Qg5 41. Rd4 Qh5+ 42. Kg2 Rf8 43. Rd8 Qf3+ 44. Kh2 Rxd8 45. Qxd8+ Kh7 46. Qd3+ Kh8 47. b4 Qh5+ 48. Kg2 Qe5 49. c3 Qe7 50. Qd4 Qb7+ 51. Kf2 Qf7+ 52. Ke2 b5 53. Qd8+ Kh7 54. Qd3+ Qg6 55. e4 Qh5+ 56. Ke3 Qe5 57. Kf2 a6 58. Kf3 Kg6 59. Kf2 1/2-1/2

[Event "EU-ch 13th"]
[Site "Plovdiv"]
[Date "2012.03.24"]
[Round "5"]
[White "Safronov, Kirill"]
[Black "Vdovenko, Volodymyr J"]
[Result "1-0"]
[WhiteElo "2017"]
[BlackElo "1784"]
[PlyCount "99"]
[EventDate "2012.03.20"]
[EventType "swiss"]
[EventRounds "11"]
[EventCountry "BUL"]
[SourceTitle "CBM 148"]
[Source "ChessBase"]
[SourceDate "2012.05.16"]
[SourceVersion "1"]
[SourceVersionDate "2012.05.16"]
[SourceQuality "1"]

1. e4 d5 2. exd5 Nf6 3. Nf3 Nxd5 4. g3 Bg4 5. Bg2 Nc6 6. 0-0 e6 7. d3 Be7 8. Nbd2 0-0 9. Ne4 Nd4 10. c3 Nxf3+ 11. Bxf3 Bxf3 12. Qxf3 c6 13. d4 a5 14. h4 Nf6 15. Nxf6+ Bxf6 16. Bf4 Qd5 17. Qg4 h5 18. Qd1 a4 19. Re1 g6 20. Be5 Qd8 21. Qf3 Kg7 22. Qf4 Re8 23. Re3 Bxe5 24. Qxe5+ Kg8 25. Qf4 Kg7 26. Rae1 Qb8 27. Qe4 Ra5 28. Qc2 Qc7 29. c4 Rd8 30. Rd1 Rda8 31. Rc3 Rf5 32. d5 Rd8 33. dxe6 fxe6 34. Rxd8 Qxd8 35. Qxa4 Qd4 36. Qc2 Kf6 37. Rd3 Qe4 38. Qc3+ Re5 39. Re3 Qb1+ 40. Kg2 Qf5 41. f4 Ke7 42. Qxe5 Qc2+ 43. Re2 Qxc4 44. b3 Qd5+ 45. Qxd5 cxd5 46. Kf3 Kd6 47. Ke3 Kc5 48. Rc2+ Kd6 49. Kd4 b6 50. b4 1-0

[Event "St Petersburg Blockade op"]
[Site "St Petersburg"]
[Date "2012.01.10"]
[Round "8"]
[White "Zavgorodniaya, Alena"]
[Black "Safronov, Kirill"]
[Result "1/2-1/2"]
[WhiteElo "1873"]
[BlackElo "1975"]
[PlyCount "85"]
[EventDate "2012.01.03"]
[EventType "swiss"]
[EventRounds "9"]
[EventCountry "RUS"]
[SourceTitle "EXT 2014"]
[Source "ChessBase"]
[SourceDate "2013.11.20"]
[SourceVersion "1"]
[SourceVersionDate "2013.11.20"]
[SourceQuality "1"]

1. e4 e5 2. Nf3 d6 3. d4 exd4 4. Nxd4 Nf6 5. Nc3 Be7 6. Be2 0-0 7. 0-0 Re8 8. f4 Bf8 9. Bf3 c5 10. Nde2 Bg4 11. Ng3 Bxf3 12. Qxf3 Nc6 13. Be3 Nb4 14. Rad1 Qe7 15. Rf2 d5 16. e5 d4 17. Bd2 dxc3 18. exf6 Qxf6 19. Bxc3 Qc6 20. Qg4 Nxa2 21. Bxg7 Bxg7 22. f5 Kh8 23. Nh5 Rg8 24. Qc4 Qh6 25. Nxg7 Qxg7 26. Qxa2 Qg4 27. Rdf1 c4 28. Qa5 f6 29. Qc3 Raf8 30. h3 Qg3 31. Qxc4 Qxh3 32. Qc5 Rf7 33. Qd4 b6 34. Rd1 Qg3 35. Rd3 Qe5 36. Qxe5 fxe5 37. Re3 Re8 38. g4 Rg7 39. Rg2 Rg5 40. Kf2 Kg7 41. Rh3 Rc8 42. c3 Rc4 43. Rhg3 1/2-1/2

[Event "Chigorin Memorial 19th"]
[Site "St Petersburg"]
[Date "2011.10.22"]
[Round "9"]
[White "Pogosian, Vladimir"]
[Black "Safronov, Kirill"]
[Result "1/2-1/2"]
[WhiteElo "2166"]
[BlackElo "1932"]
[PlyCount "136"]
[EventDate "2011.10.14"]
[EventType "swiss"]
[EventRounds "9"]
[EventCountry "RUS"]
[SourceTitle "CBM 144 Extra"]
[Source "ChessBase"]
[SourceDate "2011.10.28"]
[SourceVersion "1"]
[SourceVersionDate "2011.10.28"]
[SourceQuality "1"]

1. e4 e5 2. Nf3 d6 3. Bc4 Be7 4. d4 exd4 5. Qxd4 Nf6 6. e5 dxe5 7. Qxd8+ Bxd8 8. Nxe5 0-0 9. 0-0 Bf5 10. Na3 c6 11. Bf4 Bb6 12. Rad1 Nbd7 13. h3 Nxe5 14. Bxe5 Bc5 15. g4 Be4 16. Kh2 Bf3 17. Rd2 Rad8 18. Rxd8 Rxd8 19. Kg3 Bd5 20. Bxf6 Bxc4 21. Nxc4 gxf6 22. Kf3 b5 23. Ne3 Rd2 24. Rc1 Bd4 25. b3 c5 26. a3 b4 27. axb4 cxb4 28. Ke4 Bxe3 29. Kxe3 Rd7 30. c4 bxc3 31. Rxc3 Kf8 32. Kf4 Kg7 33. h4 Rd4+ 34. Kg3 Rb4 35. h5 a5 36. Rf3 h6 37. Kh3 a4 38. bxa4 Rxa4 39. Kg3 Rb4 40. Rf4 Rb3+ 41. Kg2 Ra3 42. Kf1 Ra2 43. Kg2 Ra3 44. f3 Ra2+ 45. Kg3 Rb2 46. Rd4 Rb5 47. Kf4 Ra5 48. Ke4 Re5+ 49. Kf4 Ra5 50. Ke3 Re5+ 51. Re4 Rd5 52. Re8 Rd1 53. Rc8 Rd5 54. f4 Ra5 55. Rc4 Ra3+ 56. Ke4 Rg3 57. Kf5 Ra3 58. Rc5 Rb3 59. Rc4 Rb5+ 60. Ke4 Ra5 61. Kd4 Ra3 62. Kd5 Rg3 63. f5 Rd3+ 64. Rd4 Re3 65. Kd6 Re1 66. Kd5 Re5+ 67. Kc4 Re3 68. Rf4 Re5 1/2-1/2

[Event "Chigorin Memorial 19th"]
[Site "St Petersburg"]
[Date "2011.10.20"]
[Round "7"]
[White "Gumirov, Konstantin L"]
[Black "Safronov, Kirill"]
[Result "0-1"]
[WhiteElo "2057"]
[BlackElo "1932"]
[PlyCount "130"]
[EventDate "2011.10.14"]
[EventType "swiss"]
[EventRounds "9"]
[EventCountry "RUS"]
[SourceTitle "CBM 144 Extra"]
[Source "ChessBase"]
[SourceDate "2011.10.28"]
[SourceVersion "1"]
[SourceVersionDate "2011.10.28"]
[SourceQuality "1"]

1. e4 e5 2. Nf3 d6 3. c3 Nf6 4. d3 Be7 5. h3 0-0 6. g4 h6 7. Be3 Nbd7 8. Nbd2 c6 9. Qc2 Qc7 10. Rg1 Nh7 11. h4 Qd8 12. g5 h5 13. 0-0-0 g6 14. d4 Qc7 15. Bc4 Kg7 16. Ne1 Nb6 17. Bb3 c5 18. f4 c4 19. Ba4 f5 20. gxf6+ Nxf6 21. dxe5 dxe5 22. fxe5 Ng4 23. Bd4 Kh7 24. Nef3 Be6 25. Rdf1 Rf4 26. b4 Raf8 27. Bc5 Kg7 28. Ng5 Rxf1+ 29. Nxf1 Bxg5+ 30. hxg5 Rf3 31. Nd2 Rd3 32. Nxc4 Bxc4 33. Bb3 Rf3 34. e6 Bxb3 35. Bd4+ Kf8 36. axb3 Qf4+ 37. Kb1 Ne3 38. Qd3 Rf1+ 39. Kb2 Qf2+ 40. Ka3 Nc2+ 41. Qxc2 Qxc2 42. Rxf1+ Ke7 43. Rf6 Qc1+ 44. Ka2 Qxg5 45. e5 Qxf6 46. exf6+ Kxe6 47. c4 Nc8 48. b5 b6 49. b4 Nd6 50. Kb3 h4 51. c5 h3 52. Bg1 bxc5 53. bxc5 Nxb5 54. Bh2 Kxf6 55. Kc4 a6 56. c6 Ke7 57. Kc5 Kd8 58. Kb6 Kc8 59. Kxa6 Nd4 60. Kb6 Nf3 61. Bg3 h2 62. Bxh2 Nxh2 63. Kc5 g5 64. Kd5 g4 65. Ke4 g3 0-1

[Event "Chigorin Memorial 19th"]
[Site "St Petersburg"]
[Date "2011.10.19"]
[Round "6"]
[White "Safronov, Kirill"]
[Black "Edilsultanova, Zalina"]
[Result "1-0"]
[WhiteElo "1932"]
[BlackElo "1621"]
[PlyCount "97"]
[EventDate "2011.10.14"]
[EventType "swiss"]
[EventRounds "9"]
[EventCountry "RUS"]
[SourceTitle "CBM 144 Extra"]
[Source "ChessBase"]
[SourceDate "2011.10.28"]
[SourceVersion "1"]
[SourceVersionDate "2011.10.28"]
[SourceQuality "1"]

1. e4 e5 2. Bc4 Nf6 3. d4 exd4 4. Nf3 Nxe4 5. Qxd4 Nf6 6. Bg5 Be7 7. Nc3 0-0 8. 0-0-0 c6 9. Qh4 Re8 10. Rhe1 d5 11. Bd3 Be6 12. Bxf6 Bxf6 13. Qxh7+ Kf8 14. h4 Na6 15. g4 Qa5 16. Ne5 d4 17. Nc4 Qd8 18. Ne4 Bxc4 19. Nxf6 Rxe1 20. Rxe1 Be6 21. Qg8+ Ke7 22. Qxg7 Qh8 23. Qxh8 Rxh8 24. Nh5 Kd6 25. f3 Nb4 26. a3 Nxd3+ 27. cxd3 Bd5 28. Rf1 c5 29. Ng3 Re8 30. Ne4+ Ke7 31. Kd2 b6 32. Re1 Kf8 33. Ng5 Ra8 34. Re5 Bb3 35. Ne4 Be6 36. h5 Kg7 37. f4 Re8 38. Rg5+ Kh8 39. f5 Bb3 40. f6 Be6 41. Rg7 Bd5 42. Nd6 Rf8 43. Nf5 a6 44. Ne7 Be6 45. h6 Re8 46. h7 Rxe7 47. fxe7 Bd7 48. Rg8+ Kxh7 49. e8Q 1-0

[Event "Chigorin Memorial 19th"]
[Site "St Petersburg"]
[Date "2011.10.16"]
[Round "3"]
[White "Safronov, Kirill"]
[Black "Ivakhinova, Inna"]
[Result "0-1"]
[WhiteElo "1932"]
[BlackElo "2288"]
[PlyCount "62"]
[EventDate "2011.10.14"]
[EventType "swiss"]
[EventRounds "9"]
[EventCountry "RUS"]
[SourceTitle "CBM 144 Extra"]
[Source "ChessBase"]
[SourceDate "2011.10.28"]
[SourceVersion "1"]
[SourceVersionDate "2011.10.28"]
[SourceQuality "1"]

1. d4 Nf6 2. c4 c5 3. d5 b5 4. a4 bxc4 5. Nc3 g6 6. e4 d6 7. Bxc4 Bg7 8. Nge2 0-0 9. 0-0 Ba6 10. Qd3 Qc8 11. Nb5 Nfd7 12. f4 Nb6 13. Ra3 Nxc4 14. Qxc4 Nd7 15. Qc2 Nb6 16. Raf3 Qd7 17. b3 Bxb5 18. axb5 Qxb5 19. f5 c4 20. Qb1 cxb3 21. Nc3 Qc5+ 22. Be3 Qxc3 23. Bxb6 Qc4 24. Be3 b2 25. Kh1 a5 26. f6 Bxf6 27. h4 a4 28. Bh6 a3 29. Rxf6 exf6 30. Kh2 a2 31. Qxb2 Qxf1 0-1

[Event "St Petersburg Botvinnik 100 op"]
[Site "St Petersburg"]
[Date "2011.08.13"]
[Round "2"]
[White "Bulavin, Alexander"]
[Black "Safronov, Kirill"]
[Result "1-0"]
[WhiteElo "2196"]
[BlackElo "1942"]
[PlyCount "74"]
[EventDate "2011.08.12"]
[EventType "swiss"]
[EventRounds "9"]
[EventCountry "RUS"]
[SourceTitle "CBM 143 Extra"]
[Source "ChessBase"]
[SourceDate "2011.08.29"]
[SourceVersion "1"]
[SourceVersionDate "2011.08.29"]
[SourceQuality "1"]

1. Nf3 Nf6 2. b3 d6 3. d4 g6 4. Bb2 Bg7 5. g3 0-0 6. Bg2 Nbd7 7. 0-0 Rb8 8. Na3 c5 9. Nb5 a6 10. Na7 Qb6 11. Nxc8 Rfxc8 12. c4 Qd8 13. Rb1 b5 14. cxb5 axb5 15. dxc5 Nxc5 16. Nd4 Qd7 17. Nc2 Nce4 18. Bxe4 Nxe4 19. Bxg7 Kxg7 20. Qd4+ Nf6 21. Nb4 Kg8 22. Rbc1 Qb7 23. f3 Nd7 24. Nd5 Nc5 25. e4 Ne6 26. Qe3 Kg7 27. f4 f6 28. g4 Nc5 29. g5 fxg5 30. Qd4+ Kg8 31. f5 Rf8 32. b4 e5 33. Qe3 Nxe4 34. Qxe4 gxf5 35. Qg2 Rf7 36. Kh1 h6 37. Rc6 Qd7 1-0

[Event "St Petersburg Blockade op"]
[Site "St Petersburg"]
[Date "2011.01.08"]
[Round "6"]
[White "Safronov, Kirill"]
[Black "Palchun, Grigory"]
[Result "0-1"]
[WhiteElo "1875"]
[BlackElo "2144"]
[PlyCount "92"]
[EventDate "2011.01.03"]
[EventType "swiss"]
[EventRounds "9"]
[EventCountry "RUS"]
[SourceTitle "CBM 140 Extra"]
[Source "ChessBase"]
[SourceDate "2011.03.01"]
[SourceVersion "1"]
[SourceVersionDate "2011.03.01"]
[SourceQuality "1"]

1. Nf3 Nf6 2. g3 d5 3. d3 Bf5 4. Bg2 e6 5. 0-0 Be7 6. Nbd2 0-0 7. Nh4 Bg4 8. h3 Bh5 9. Nhf3 h6 10. g4 Bg6 11. Nh2 e5 12. e4 dxe4 13. Nxe4 Nxe4 14. Bxe4 Bxe4 15. dxe4 Bg5 16. Nf3 Bxc1 17. Rxc1 Qf6 18. Qe2 Nc6 19. c3 Nd8 20. Ne1 Ne6 21. Qf3 Ng5 22. Qxf6 gxf6 23. f3 Nxh3+ 24. Kh2 Ng5 25. Nd3 Rad8 26. Rcd1 Rd6 27. Nc5 Nxf3+ 28. Kg2 Nd2 29. Rh1 Nc4 30. Rxd6 Nxd6 31. Nd7 Rd8 32. Nxf6+ Kg7 33. Nh5+ Kg6 34. Re1 Kg5 35. Kh3 Nc4 36. Rf1 Rd3+ 37. Ng3 Nd6 38. Re1 Kf4 39. Rf1+ Rf3 40. Rxf3+ Kxf3 41. Kh4 Nxe4 42. Nf5 Nd6 43. Nxh6 e4 44. g5 e3 45. Nxf7 Nxf7 46. g6 e2 0-1

[Event "St Petersburg Blockade op"]
[Site "St Petersburg"]
[Date "2011.01.04"]
[Round "2"]
[White "Yusupova, Lilia"]
[Black "Safronov, Kirill"]
[Result "0-1"]
[WhiteElo "1690"]
[BlackElo "1875"]
[PlyCount "88"]
[EventDate "2011.01.03"]
[EventType "swiss"]
[EventRounds "9"]
[EventCountry "RUS"]
[SourceTitle "CBM 140 Extra"]
[Source "ChessBase"]
[SourceDate "2011.03.01"]
[SourceVersion "1"]
[SourceVersionDate "2011.03.01"]
[SourceQuality "1"]

1. c4 e5 2. Nc3 d6 3. g3 Nc6 4. Bg2 g6 5. e4 Bg7 6. Nge2 Nge7 7. h3 0-0 8. 0-0 Be6 9. d3 Qd7 10. Kh2 f5 11. f4 fxe4 12. Nxe4 h6 13. Rb1 Nf5 14. b3 Nfd4 15. Be3 Nxe2 16. Qxe2 exf4 17. Bxf4 Nd4 18. Qd2 g5 19. Be3 Rae8 20. Nc3 Nf5 21. Bf2 c6 22. d4 d5 23. c5 Qc7 24. Ne2 Nh4 25. Ng1 Nxg2 26. Kxg2 Bf5 27. Rbe1 Rxe1 28. Rxe1 Be4+ 29. Kh2 Qf7 30. Rf1 Qf5 31. g4 Qg6 32. Qe3 Bd3 33. Re1 Be4 34. Bg3 Qf6 35. Ne2 Qg6 36. Nc3 Rf3 37. Qd2 Rd3 38. Qc2 Bxd4 39. Nxe4 dxe4 40. Qc4+ Kh7 41. Rf1 Rd2+ 42. Kh1 e3 43. Rf7+ Bg7 44. Re7 Qb1+ 0-1